Criminal procedure and law in Uganda / (Record no. 11395)
[ view plain ]
| 000 -LEADER | |
|---|---|
| fixed length control field | 02098cam a22004572 4500 |
| 001 - CONTROL NUMBER | |
| control field | 0000020852 |
| 005 - DATE AND TIME OF LATEST TRANSACTION | |
| control field | 20151217154444.0 |
| 008 - FIXED-LENGTH DATA ELEMENTS--GENERAL INFORMATION | |
| fixed length control field | 111024s xx 000 0 eng d |
| 020 ## - INTERNATIONAL STANDARD BOOK NUMBER | |
| International Standard Book Number | 996674486x : |
| 040 ## - CATALOGING SOURCE | |
| Original cataloging agency | KABU |
| Transcribing agency | KABU |
| 100 1# - MAIN ENTRY--PERSONAL NAME | |
| Personal name | Ayume, Francis J. |
| -- | 0000181466 |
| 245 10 - TITLE STATEMENT | |
| Title | Criminal procedure and law in Uganda / |
| Statement of responsibility, etc. | Francis J. Ayume. |
| 250 ## - EDITION STATEMENT | |
| Edition statement | 1st ed. |
| 260 ## - PUBLICATION, DISTRIBUTION, ETC. (IMPRINT) | |
| Place of publication, distribution, etc. | Nairobi : |
| Name of publisher, distributor, etc. | LawAfrica, |
| Date of publication, distribution, etc. | 1986. |
| 300 ## - PHYSICAL DESCRIPTION | |
| Extent | xxix, 259 p. |
| 650 #0 - SUBJECT ADDED ENTRY--TOPICAL TERM | |
| Topical term or geographic name as entry element | Criminal procedure |
| Geographic subdivision | Uganda. |
| -- | 0000181467 |
| 650 #0 - SUBJECT ADDED ENTRY--TOPICAL TERM | |
| Topical term or geographic name as entry element | Law |
| Geographic subdivision | Uganda. |
| -- | 0000181468 |
| 852 1# - LOCATION | |
| -- | p2600 KES |
| 852 1# - LOCATION | |
| -- | p2600 KES |
| 852 1# - LOCATION | |
| -- | p2600 KES |
| 852 1# - LOCATION | |
| -- | p2600 KES |
| 852 1# - LOCATION | |
| -- | p2600 KES |
| 852 1# - LOCATION | |
| -- | p2600 KES |
| 852 1# - LOCATION | |
| -- | p2600 KES |
| 852 1# - LOCATION | |
| -- | p2600 KES |
| 852 1# - LOCATION | |
| -- | p2600 KES |
| 852 1# - LOCATION | |
| -- | p2600 KES |
| 852 1# - LOCATION | |
| -- | p2600 KES |
| 852 1# - LOCATION | |
| -- | p2600 KES |
| 852 1# - LOCATION | |
| -- | p2600 KES |
| 852 1# - LOCATION | |
| -- | p2600 KES |
| 852 1# - LOCATION | |
| -- | p2600 KES |
| 852 1# - LOCATION | |
| -- | p2600 KES |
| 852 1# - LOCATION | |
| -- | p2600 KES |
| 852 1# - LOCATION | |
| -- | p2600 KES |
| 852 1# - LOCATION | |
| -- | p2600 KES |
| 852 1# - LOCATION | |
| -- | p2600 KES |
| 852 1# - LOCATION | |
| -- | p2600 KES |
| 908 ## - PUT COMMAND PARAMETER (RLIN) | |
| Put command parameter | 111024 |
| 950 ## - LOCAL HOLDINGS (RLIN) | |
| -- | 1 |
| Withdrawn status | Lost status | Source of classification or shelving scheme | Not for loan | Home library | Current library | Date acquired | Total Checkouts | Full call number | Barcode | Date last seen | Price effective from | Koha item type |
|---|---|---|---|---|---|---|---|---|---|---|---|---|
| Library of Congress Classification | Kabarak, Main Campus | Kabarak, Main Campus | 17/12/2015 | KTW379 .A98 1986 c. 2 | 19637 | 17/12/2015 | 17/12/2015 | General Collection | ||||
| Library of Congress Classification | Kabarak, Main Campus | Kabarak, Main Campus | 17/12/2015 | KTW379 .A98 1986 c. 3 | 019081 | 17/12/2015 | 17/12/2015 | General Collection | ||||
| Library of Congress Classification | Kabarak, Main Campus | Kabarak, Main Campus | 17/12/2015 | KTW379 .A98 1986 c. 4 | 019079 | 17/12/2015 | 17/12/2015 | General Collection | ||||
| Library of Congress Classification | Kabarak, Main Campus | Kabarak, Main Campus | 17/12/2015 | KTW379 .A98 1986 c. 5 | 019084 | 17/12/2015 | 17/12/2015 | General Collection | ||||
| Library of Congress Classification | Kabarak, Main Campus | Kabarak, Main Campus | 17/12/2015 | KTW379 .A98 1986 c. 7 | 019083 | 17/12/2015 | 17/12/2015 | General Collection | ||||
| Library of Congress Classification | Kabarak, Main Campus | Kabarak, Main Campus | 17/12/2015 | KTW379 .A98 1986 c. 8 | 019089 | 17/12/2015 | 17/12/2015 | General Collection | ||||
| Library of Congress Classification | Kabarak, Main Campus | Kabarak, Main Campus | 17/12/2015 | KTW379 .A98 1986 c. 9 | 019075 | 17/12/2015 | 17/12/2015 | General Collection | ||||
| Library of Congress Classification | Kabarak, Main Campus | Kabarak, Main Campus | 17/12/2015 | KTW379 .A98 1986 c. 10 | 019090 | 17/12/2015 | 17/12/2015 | General Collection | ||||
| Library of Congress Classification | Kabarak, Main Campus | Kabarak, Main Campus | 17/12/2015 | KTW379 .A98 1986 c. 11 | 019085 | 17/12/2015 | 17/12/2015 | General Collection | ||||
| Library of Congress Classification | Kabarak, Main Campus | Kabarak, Main Campus | 17/12/2015 | KTW379 .A98 1986 c. 12 | 019088 | 17/12/2015 | 17/12/2015 | General Collection | ||||
| Library of Congress Classification | Kabarak, Main Campus | Kabarak, Main Campus | 17/12/2015 | KTW379 .A98 1986 c. 13 | 019086 | 17/12/2015 | 17/12/2015 | General Collection | ||||
| Library of Congress Classification | Kabarak, Main Campus | Kabarak, Main Campus | 17/12/2015 | KTW379 .A98 1986 c. 14 | 019080 | 17/12/2015 | 17/12/2015 | General Collection | ||||
| Library of Congress Classification | Kabarak, Main Campus | Kabarak, Main Campus | 17/12/2015 | KTW379 .A98 1986 c. 15 | 019077 | 17/12/2015 | 17/12/2015 | General Collection | ||||
| Library of Congress Classification | Kabarak, Main Campus | Kabarak, Main Campus | 17/12/2015 | KTW379 .A98 1986 c. 16 | 019091 | 17/12/2015 | 17/12/2015 | General Collection | ||||
| Library of Congress Classification | Kabarak, Main Campus | Kabarak, Main Campus | 17/12/2015 | KTW379 .A98 1986 c. 17 | 019087 | 17/12/2015 | 17/12/2015 | General Collection | ||||
| Library of Congress Classification | Kabarak, Main Campus | Kabarak, Main Campus | 17/12/2015 | KTW379 .A98 1986 c. 18 | 019082 | 17/12/2015 | 17/12/2015 | General Collection | ||||
| Library of Congress Classification | Kabarak, Main Campus | Kabarak, Main Campus | 17/12/2015 | KTW379 .A98 1986 c. 19 | 019072 | 17/12/2015 | 17/12/2015 | General Collection | ||||
| Library of Congress Classification | Kabarak, Main Campus | Kabarak, Main Campus | 17/12/2015 | KTW379 .A98 1986 c. 20 | 019076 | 17/12/2015 | 17/12/2015 | General Collection | ||||
| Library of Congress Classification | Kabarak, Main Campus | Kabarak, Main Campus | 17/12/2015 | KTW379 .A98 1986 c. 21 | 019074 | 17/12/2015 | 17/12/2015 | General Collection | ||||
| Library of Congress Classification | Kabarak, Main Campus | Kabarak, Main Campus | 17/12/2015 | KTW379 .A98 1986 c. 22 | 019078 | 17/12/2015 | 17/12/2015 | General Collection | ||||
| Library of Congress Classification | Kabarak, Main Campus | Kabarak, Main Campus | 17/12/2015 | KTW379 .A98 1986 c. 6 | 019073 | 17/12/2015 | 17/12/2015 | General Collection | ||||
| Library of Congress Classification | Kabarak, Main Campus | Kabarak, Main Campus | 17/12/2015 | KTW379 .A98 1986 c. 1 | 19640 | 17/12/2015 | 17/12/2015 | Africana Collection |